000 004710000a22001690004500
041 0 _aSPA
082 0 4 _aG 261 D782c
100 1 _aDriver, Juan (1924-)
245 1 0 _aComunidad y compromiso : Estudios sobre la renovación de la iglesia / Juan Driver
260 _aBuenos Aires, Argentina : Certeza
300 _a90 Pag
001 6715
942 _cBK
999 _c36982
_d36982
336 _atexto
_btxt
_2rdacontent
337 _2rdamedia
_asin mediación
_bn
338 _2rdacarrier
_avolumen
_bnc